कशमकश / (Record no. 48973)
[ view plain ]
| 000 -LEADER | |
|---|---|
| fixed length control field | 01012nam a22002297a 4500 |
| 005 - DATE AND TIME OF LATEST TRANSACTION | |
| control field | 20100312095056.0 |
| 008 - FIXED-LENGTH DATA ELEMENTS--GENERAL INFORMATION | |
| fixed length control field | 100312t xxu||||| |||| 00| 0 hin d |
| 010 ## - LCCN (DPL NO) | |
| LC control number | HIN-90512 |
| 020 ## - INTERNATIONAL STANDARD BOOK NUMBER | |
| Terms of availability | 200.00 |
| 035 ## - SYSTEM CONTROL NUMBER | |
| System control number | HN-62858 |
| 037 ## - SOURCE OF ACQUISITION | |
| Source of stock number/acquisition | DBAD / PUB |
| 040 ## - CATALOGING SOURCE | |
| Original cataloging agency | DPL |
| Language of cataloging | HN |
| 082 ## - DEWEY DECIMAL CLASSIFICATION NUMBER | |
| Classification number | उ |
| 100 ## - MAIN ENTRY--PERSONAL NAME | |
| Personal name | वसीयुलहक |
| 9 (RLIN) | 16590 |
| 245 ## - TITLE STATEMENT | |
| Title | कशमकश / |
| Statement of responsibility, etc | वसीयुलहक |
| 260 ## - PUBLICATION, DISTRIBUTION, ETC. (IMPRINT) | |
| Place of publication, distribution, etc | दिल्ली |
| Name of publisher, distributor, etc | किताबी दुनिया |
| Date of publication, distribution, etc | 2010 |
| 270 ## - ADDRESS | |
| Address | 1955, स्ट्रीट नवाब मिर्जा , अपोजिट एगलो ऐरेबिक स्कूल, तुर्कमान गेट |
| City | दिल्ली |
| Postal code | 110006 |
| Telephone number | 9313972589 |
| Electronic mail address | kitabiduniya@rediffmail.com |
| 300 ## - PHYSICAL DESCRIPTION | |
| Extent | 240पृ |
| Dimensions | 22सेमी (सजिल्द) |
| 700 ## - ADDED ENTRY--PERSONAL NAME | |
| 9 (RLIN) | 24583 |
| 942 ## - ADDED ENTRY ELEMENTS (KOHA) | |
| Source of classification or shelving scheme | Dewey Decimal Classification |
| Item type | Hindi Books |
| Call number suffix | वसीयु |
| Classification part | उ |
| Withdrawn status | Lost status | Source of classification or shelving scheme | Damaged status | Not for loan | Collection code | Home library | Current library | Date acquired | Source of acquisition | Cost, normal purchase price | Total Checkouts | Full call number | Barcode | Date last seen | Copy number | Cost, replacement price | Koha item type |
|---|---|---|---|---|---|---|---|---|---|---|---|---|---|---|---|---|---|
| Dewey Decimal Classification | Not For Loan | Non-fiction | D.B.Act.Division | D.B.Act.Division | 03/12/2010 | DBAD /PUB | 200.00 | उ वसीयु | HN-62858 | 03/12/2010 | 1 | 200.00 | Hindi Books |
